000 00812nam a2200217Ii 4500
003 JO-AjNU
008 230605s9999||||xx |||||||||||||| ||und||
017 _a2008/5/1484
040 _aJO-AjNU
_bara
_erda
_cJO-AjNU
041 _aara
050 1 4 _aBP173.75.S52 2009
100 3 _aشطناوي، زكريا سلامة عيسى,
_eauthor
_930660
245 0 0 _aالآثار الإقتصادية لأسواق الأوراق المالية من منظور الإقتصاد الإسلامي
250 _aط1
264 3 1 _aعمان: دار النفائس للنشر والتوزيع، 2009
300 _a270ص
336 _atext
_btxt
_2rdacontent
337 _aunmediated
_bn
_2rdamedia
338 _avolume
_bnc
_2rdacarrier
650 4 _aالاقتصاد الاسلامي- الاوراق المالية
_930661
999 _aA12180
_c15748
_d15748